[Event "Bratto op 25th"]
[Site "Bratto"]
[Date "2005.08.28"]
[Round "9"]
[White "Atalik, Suat"]
[Black "Drasko, Milan"]
[Result "1/2-1/2"]
[WhiteElo "2561"]
[BlackElo "2516"]
[Annotator "Atalik,S"]
[PlyCount "48"]
[EventDate "2005.08.20"]
[EventType "swiss"]
[EventRounds "9"]
[EventCountry "ITA"]
[SourceTitle "CBM 108 Extra"]
[Source "ChessBase"]
[SourceDate "2005.11.04"]
[SourceVersion "1"]
[SourceVersionDate "2005.11.04"]
[SourceQuality "1"]

{Playing and winning many opens I was always proud of my performances in money
games albeit in this game I did not have performed well.} 1. d4 e6 2. c4 Nf6 3.
Nc3 Bb4 4. Qc2 {This is also a favorite of Milan.} O-O 5. a3 Bxc3+ 6. Qxc3 b6
7. Bg5 c5 $5 {I have always found it difficult to play aginst this.} 8. dxc5
bxc5 9. e3 Nc6 10. Nf3 Rb8 {Preparing Qa5.} (10... Qa5 $6 11. Qxa5 Nxa5 12. b4
cxb4 13. axb4 Nc6 14. b5 Nb4 15. Ra4 a5 16. Nd4 d6 17. Bxf6 gxf6 18. Nb3 $16)
11. Bd3 h6 (11... Qa5 $2 12. Qxa5 (12. Bxf6 $2 gxf6 13. b4 cxb4 14. Qxf6 bxa3+
15. Kf1 (15. Ke2 Rb2+ 16. Qxb2 axb2 17. Rxa5 Nxa5 18. Rb1 Ba6 19. Rxb2 Bxc4 20.
Bxc4 Nxc4 21. Rb7 d5 22. Rxa7 Rb8 23. Ra2 $15) 15... Rb3 16. Bxh7+ Kxh7 17.
Qh4+ Kg6 18. Qg4+ Kf6 19. Qh4+ Kg6 20. Qg4+ Kh6 21. Qf4+ $11) 12... Nxa5 13. b4
cxb4 14. axb4 Nc6 15. b5 Nb4 16. Bb1 d5 17. Bf4 $18 {wins an exchange.}) 12.
Bh4 d6 (12... Qa5 $2 13. Qxa5 (13. Bxf6 $2 gxf6 14. b4 cxb4 15. Qxf6 bxa3+ 16.
Kf1 Rb3 $17) 13... Nxa5 14. b4 cxb4 15. axb4 Nc6 16. b5 Nb4 17. Bb1 d5 18. Bg3
Rb6 19. Bc7 Rb7 20. Ba5 $18) (12... Qb6 13. Bxf6 (13. O-O-O Ne8) 13... gxf6 14.
b4 Kg7 15. b5 Qa5 16. Kd2 Qxc3+ 17. Kxc3 Ne7 $13) 13. O-O-O $6 {I do not
understand the purpose of sending the king to the other side.} (13. O-O $1 $14
{might have been a safer reaction.}) 13... e5 (13... Qe7 14. Nd2 $5 (14. Bc2
Rd8) (14. Bxf6 Qxf6 15. Qxf6 gxf6 16. Nd2 Rd8 17. f4 Kf8)) 14. Bc2 (14. Nd2 Rb6
15. Bxf6 Qxf6 16. Ne4 Qe7 17. Nxd6 Be6 $44) 14... Qe7 (14... g5 $2 15. Nxg5 $3
hxg5 16. Bxg5 Qe7 17. f4 $1 $18) 15. Bxf6 Qxf6 16. Nd2 (16. Qd3 $2 {is as
usual too primitive.} Rd8 $1 (16... e4 $2 17. Qxe4 Qxb2+ 18. Kd2 $16) 17. Nd2 (
17. Qh7+ Kf8) 17... e4 18. Qc3 Qxc3 19. bxc3 f5 20. g4 Ne5 21. gxf5 Bxf5 22.
Bxe4 Bxe4 23. Nxe4 Nxc4 $17) 16... Bf5 (16... Rd8 17. Ne4 Qe7 18. Qd3 g6 19. h4
$13) 17. Bxf5 (17. Ne4 $6 Bxe4 18. Bxe4 Rb6 19. f4 Rfb8 20. Bxc6 Rxc6 21. fxe5
dxe5 22. Rhf1 Qg5 $36) 17... Qxf5 18. f3 Qg6 (18... Rfd8 19. Ne4 Qe6 20. g4 Ne7
21. Rd2 d5 22. cxd5 Nxd5 23. Qc4 Qb6 24. Re1 Nf6 25. Red1 $11) 19. g4 $2 {
I had to be quick and should try to prevent Milan to double on the open b file
with his rooks.} (19. Ne4 $1 Rfd8 (19... f5 20. Nxd6 Nd4 21. exd4 cxd4 22. Nxf5
Qxf5 (22... dxc3 23. Ne7+ Kh7 24. Nxg6 cxb2+ 25. Kb1 Kxg6 26. Rhe1 $14) 23. Qd3
Qf7 $44) 20. g4 Ne7 21. Rd3 d5 22. cxd5 c4 23. Rd2 Nxd5 24. Qa5 $1 $13) 19...
Rb6 20. Ne4 Ne7 21. g5 $2 (21. Rd2 f5 22. gxf5 Rxf5 (22... Nxf5 23. Qd3) 23.
Rhd1 Nc8 24. Rf2 $13) 21... Rfb8 $1 $17 {Now white is in a terrible shape with
his kingside cracking.} 22. Rhg1 (22. h4 Nf5) 22... Nf5 23. Rd2 (23. Nf6+ Kh8
24. Nd5 (24. Nd7 Rb3 25. Qd2 Rxb2 26. Nxb8 Rxd2 27. Kxd2 Qh5 $19) 24... Rb3 25.
Qc2 Rxb2 26. Qxb2 Rxb2 27. Kxb2 Qh5 $19) 23... Rb3 (23... Nh4 $5 24. Rxd6 Rxd6
25. Nxd6 Qxd6 26. gxh6 g6 $19) 24. Qa5 Qe6 $138 {All of a sudden something
strange happened. Milan being down to his last minutes offered a draw in a
completely winning position. Naturally I have taken it after some think and
this allowed us to share the 3rd place after GMs Epishin and Cebalo.} (24...
Qe6 25. Qa4 Rxe3 $19 (25... Nxe3 $2 26. Rxd6 Qxc4+ 27. Qxc4 Nxc4 28. gxh6 Nxd6
(28... g6 29. Nf6+ Kh8 30. Rd7 Rxb2 31. Rxf7 Rb1+ 32. Kc2 Nxa3+ 33. Kd2) 29.
Nf6+ Kf8 30. h7 gxf6 (30... Ke7 31. Ng8+ $16) 31. h8=Q+ Ke7 32. Rg8 R8b6 $13) (
25... h5 $6 26. g6 fxg6 27. Rdg2 $44)) (24... Nxe3 25. Nxd6 hxg5 26. Ne4 Qb6
27. Qxb6 R3xb6 $19) 1/2-1/2

[Event "American Continental 2nd"]
[Site "Buenos Aires"]
[Date "2003.08.25"]
[Round "7"]
[White "Ramirez Alvarez, Alejandro"]
[Black "Vescovi, Giovanni P"]
[Result "0-1"]
[WhiteElo "2450"]
[BlackElo "2618"]
[Annotator "Atlas,V"]
[PlyCount "116"]
[EventDate "2003.08.17"]
[EventType "swiss"]
[EventRounds "11"]
[EventCountry "ARG"]
[SourceTitle "CBM 097"]
[Source "ChessBase"]
[SourceDate "2003.11.11"]
[SourceVersion "1"]
[SourceVersionDate "2003.11.11"]
[SourceQuality "1"]

1. d4 Nf6 2. c4 e6 3. Nc3 Bb4 4. Qc2 O-O 5. e4 d5 6. e5 Ne4 7. Bd3 c5 8. cxd5
exd5 9. Nge2 Nc6 10. O-O cxd4 11. Nxd5 Qxd5 12. Bxe4 Qxe5 13. Bxh7+ Kh8 14. Be4
Re8 15. Ng3 Be6 16. Bd2 Bd5 17. Rfe1 Bxd2 18. Qxd2 Bxe4 19. Rxe4 Qd5 20. Rh4+
Kg8 21. Nh5 Re4 22. Rh3 Rae8 23. Rf1 Rg4 24. f3 Rg5 25. Ng3 Rg6 26. b3 Qg5 27.
f4 Qa5 28. Qf2 Rd6 29. Rh5 Rd5 30. Qf3 Rxh5 31. Nxh5 Qf5 32. Ng3 Qe6 33. Rd1
Qg6 34. Qd3 Qf6 35. Qf5 Qe7 36. Qd3 Qc5 37. Ne4 Qh5 38. Ng3 Qg4 39. Rf1 Re3 40.
Qb5 Qd7 41. Qf5 Re6 42. Ne4 d3 43. Ng5 g6 44. Qh3 Qd4+ 45. Kh1 Re7 46. Qh7+ Kf8
47. f5 Qf6 48. Qh6+ Ke8 49. h3 d2 50. Nf3 Nd4 51. Qxd2 Nxf5 52. Rc1 Kf8 53.
Qd8+ Kg7 54. Rc8 Kh6 55. Qd2+ Kh7 56. Qg5 $4 ({A terrible blunder. After Ein
schrecklicher bock. Nach} 56. Kh2 {the chances are about equal. sind die
Chancen etwa gleich.}) {[%tqu "En","White's last move looks reasonable, but in
fact it's a very bad slip. How can Black punish him for it?","Exploit the
shaky position of the white queen.","Use your rook for a decisive strike.",
"e7e1","This impressive rook thrust wins immediately.",4,"De","Der letzte Zug
des Weißen wirkt vernünftig, ist aber tatsächlich ein ganz grober Bock. Wie
kann Schwarz ihn dafür bestrafen?","Nutzen Sie die unsichere Stellung der
weißen Dame aus.","Versetzen Sie mit dem Turm den entscheidenden Schlag.",
"e7e1","Dieser Ablenkungszug gewinnt auf der Stelle.",4]} 56... Re1+ $1 {
[%csl Ge1,Rf3,Gf6,Rg5,Rh1]} 57. Kh2 ({White's knight is overloaded: Der weiße
Springer ist überlastet:} 57. Nxe1 Qxg5) 57... Qd6+ {Now mate is inevitable.
Nun ist das Matt unvermeidlich.} 58. g3 Re2+ (58... Re2+ {, and White resigned
in view of und Weiß gab auf angesichts von} 59. Kh1 Qd1+ 60. Ng1 Qd5+) 0-1

[Event "Olympiad-36"]
[Site "Mallorca"]
[Date "2004.10.25"]
[Round "10"]
[White "Arlandi, Ennio"]
[Black "Kveinys, Aloyzas"]
[Result "0-1"]
[WhiteElo "2440"]
[BlackElo "2531"]
[Annotator "Atlas,V"]
[PlyCount "58"]
[EventDate "2004.10.15"]
[EventType "team-swiss"]
[EventRounds "14"]
[EventCountry "ESP"]
[SourceTitle "CBM 104"]
[Source "ChessBase"]
[SourceDate "2005.01.27"]
[SourceVersion "1"]
[SourceVersionDate "2005.01.27"]
[SourceQuality "1"]
[WhiteTeam "Italy"]
[BlackTeam "Lithuania"]
[WhiteTeamCountry "ITA"]
[BlackTeamCountry "LTU"]

1. d4 Nf6 2. c4 e6 3. Nc3 Bb4 4. Qc2 O-O 5. a3 Bxc3+ 6. Qxc3 b6 7. Bg5 Bb7 8.
f3 d5 9. e3 Re8 10. Nh3 Nbd7 11. cxd5 exd5 12. O-O-O a6 13. Bd3 h6 14. Bh4 c5
15. Kb1 Qe7 16. Rhe1 Ne4 17. Bxe4 Qxh4 18. Bf5 Bc6 19. Bxd7 Bxd7 20. dxc5 Bxh3
21. gxh3 bxc5 22. Rxd5 Qf2 23. e4 Rab8 24. Red1 Qxh2 25. Rxc5 Rb6 26. Rh5 Reb8
27. Rd2 Qh1+ 28. Ka2 Rb3 $1 29. Qc7 $4 ({A terrible blunder ruthlessly
punished by Black. After} 29. Qa5 {or 29.Qc5, White would retain some
counterchances.}) ({The rook is, of course, invulnerable:} 29. Qxb3 Rxb3 30.
Kxb3 Qxf3+ {, winning a rook.}) {[%tqu "En","White's last move was very
careless. How can Black take advantage of it?","Exploit a power of your 'heavy
artillery' targeting the enemy king.","Sacrifice your rook!","b3a3","After
this elegant rook sacrifice mate is inevitable.",4]} 29... Rxa3+ $1 {[%csl Ra2,
Ga3,Rb2,Gb8,Gh1]} (29... Rxa3+ $1 {, with mate on the next move:} 30. bxa3 (30.
Kxa3 Qa1#) 30... Qb1#) 0-1

[Event "Paris NAO GM 3rd"]
[Site "Paris"]
[Date "2003.12.17"]
[Round "3"]
[White "Vandevoort, Pascal"]
[Black "Pira, Davoud"]
[Result "1-0"]
[WhiteElo "2363"]
[BlackElo "2403"]
[Annotator "Atlas,V"]
[PlyCount "47"]
[EventDate "2003.12.15"]
[EventType "tourn"]
[EventRounds "9"]
[EventCountry "FRA"]
[EventCategory "9"]
[SourceTitle "CBM 099"]
[Source "ChessBase"]
[SourceDate "2004.03.30"]
[SourceVersion "1"]
[SourceVersionDate "2004.03.30"]
[SourceQuality "1"]

1. d4 Nf6 2. c4 e6 3. Nc3 Bb4 4. Qc2 O-O 5. a3 Bxc3+ 6. Qxc3 b6 7. Bg5 h6 8.
Bh4 Bb7 9. e3 d6 10. Ne2 Nbd7 11. Qd3 c5 12. Nc3 Qe7 13. Rd1 Rad8 14. Be2 Bxg2
15. Rg1 Bb7 16. e4 Kh8 17. Qh3 Rg8 18. Bg5 cxd4 19. Rxd4 Nf8 20. Bc1 e5 21. Rd3
Nxe4 (21... Qe6 {deserved serious attention here.}) 22. Bxh6 $1 gxh6 $4 {
[%csl Gd3,Gg1,Gh3,Rh6,Rh8]} ({A terrible mistake, leading to a remarkable game
conclusion. Essential was} 22... Nh7) (22... Qe6 {loses in view of} 23. Bxg7#)
23. Qxh6+ Nh7 {[%tqu "En","Black seems to have defended. How can White break
this defence?","Try to eliminate the key defender of the black king.",
"Sacrifice your queen!","h6h7","Of course! Now mate is inevitable.",4]} 24.
Qxh7+ $1 {[%csl Gd3,Gg1,Rh8][%cal Gg1g8,Gd3h3]} ({After this beautiful queen
sacrifice mate is inevitable:} 24. Qxh7+ Kxh7 25. Rh3+) 1-0

[Event "EU-ch 4th"]
[Site "Istanbul"]
[Date "2003.06.10"]
[Round "10"]
[White "Van Wely, Loek"]
[Black "Aleksandrov, Aleksej"]
[Result "1-0"]
[WhiteElo "2675"]
[BlackElo "2650"]
[Annotator "Atlas,V"]
[PlyCount "137"]
[EventDate "2003.05.30"]
[EventType "swiss"]
[EventRounds "13"]
[EventCountry "TUR"]
[SourceTitle "CBM 096"]
[Source "ChessBase"]
[SourceDate "2003.09.25"]
[SourceVersion "1"]
[SourceVersionDate "2003.09.25"]
[SourceQuality "1"]

1. d4 Nf6 2. c4 e6 3. Nc3 Bb4 4. Qc2 O-O 5. a3 Bxc3+ 6. Qxc3 b6 7. Bg5 Bb7 8.
e3 c5 9. dxc5 bxc5 10. f3 Nc6 11. Nh3 h6 12. Bh4 Qa5 13. Rc1 Ba6 14. Kd1 Qxc3
15. Rxc3 Rab8 16. Kc2 Rb6 17. Be2 Rfb8 18. Rb1 g5 19. Bg3 e5 20. Kc1 d5 21. Rc2
d4 22. e4 Nd7 23. Nf2 f6 24. Kd1 Rb3 25. Nd3 Rxa3 26. Nc1 Bc8 27. Be1 Ra6 28.
Nd3 Rab6 29. Ra1 a6 30. Rcc1 Kf7 31. Kc2 Ke6 32. Bd2 Kd6 33. h4 Nf8 34. hxg5
hxg5 35. Rh1 Be6 36. Ra4 Nd7 37. Rh6 a5 38. g3 Rg8 39. b3 Rbb8 40. Ra1 Rh8 41.
Rxh8 Rxh8 42. Bxa5 Rh2 43. Kd1 f5 44. Be1 fxe4 45. fxe4 Nf6 46. Ra6 Ng4 47. Bd2
Rg2 48. Bxg5 Rxg3 49. Be7+ Kxe7 50. Rxc6 Ne3+ 51. Kd2 Rg2 52. Ke1 Nc2+ 53. Kd1
Ne3+ 54. Ke1 Nc2+ 55. Kd1 Nb4 56. Rxc5 Bg4 57. Nxb4 Bxe2+ 58. Ke1 Kf6 59. Rc8
Bg4 60. Rf8+ Kg5 61. c5 Re2+ 62. Kf1 Rb2 63. Rg8+ Kh4 64. c6 Rxb3 65. Nd5 Rb1+
66. Kf2 Rb2+ 67. Ke1 d3 $4 ({A blunder ruthlessly refuted by White. After
simple} 67... Re2+ 68. Kf1 Rxe4 {the game would be drawn.}) {[%tqu "En",
"Black's passed pawn seems much more dangerous than White's main hope - the
c6-pawn. Yet, White found here a winning combination neutralizing the d3-pawn
and opening the way to his own passed pawn. Can you find it too?","Black's
bishop seems to be very efficient in attack and defense...","Use your rook for
a decisive strike!","g8g4","This efficient sacrifice wins on the spot! White's
passed pawn is unstoppable now.",5]} 68. Rxg4+ $1 {[%csl Rb2,Rc2,Gc6,Gd5,Rh4]
[%cal Gd5e3,Gc6c8] An elegant refutation of Black's careless last move. All
other continuations would be fatal for White. The text move spells an
immediate end for Black.} Kxg4 69. c7 $1 ({Of course, not} 69. Ne3+ $4 Kf3 {
, and White is lost:} 70. c7 Kxe3 71. c8=Q Rb1+) (69. c7 $1 {, and Black
resigned, as he cannot stop White's c-pawn:} Rc2 (69... d2+ 70. Kd1) 70. Ne3+
Kf4 71. Nxc2) 1-0

[Event "Bundesliga 0203"]
[Site "Germany"]
[Date "2003.01.11"]
[Round "8.2"]
[White "Sokolov, Ivan"]
[Black "Slobodjan, Roman"]
[Result "1-0"]
[WhiteElo "2684"]
[BlackElo "2521"]
[Annotator "Atlas,V"]
[PlyCount "71"]
[EventDate "2002.10.19"]
[EventType "team-tourn"]
[EventRounds "15"]
[EventCountry "GER"]
[SourceTitle "CBM 093"]
[Source "ChessBase"]
[SourceDate "2003.04.01"]
[SourceVersion "1"]
[SourceVersionDate "2003.04.01"]
[SourceQuality "1"]
[WhiteTeam "Porz"]
[BlackTeam "Neukoelln"]
[WhiteTeamCountry "GER"]
[BlackTeamCountry "GER"]

1. d4 Nf6 2. c4 e6 3. Nc3 Bb4 4. Qc2 b6 5. e4 Bb7 6. Bd3 c5 7. d5 d6 8. Nge2
Nbd7 9. a3 Bxc3+ 10. Nxc3 Ne5 11. Be2 Ng6 12. f4 O-O 13. h4 Re8 14. h5 Nf8 15.
h6 g6 16. O-O N6d7 17. Nb5 Qb8 18. dxe6 Rxe6 19. Bd3 Re7 20. f5 Ne5 21. Bg5 Re8
22. Rad1 a6 23. Nc3 Nfd7 24. fxg6 hxg6 25. Qf2 Kh7 26. Be2 Bc6 27. Bg4 $1 {
Am impressive maneuver, opening the white queen the way to the f6-square.} Ra7
({The bishop is, of course, invulnerable:} 27... Nxg4 28. Qxf7+ Kh8 29. Qg7#)
28. Bxd7 Rxd7 29. Qf6 Rg8 {[%tqu "En","White's attack needs extra power. How
White fuel it up?","Try to eliminate the key defenders of Black's king.",
"Sacrifice your queen!","f6e5","This terrific blow yields White an
irresistible attack.",6]} 30. Qxe5 $3 {[%csl Rd7,Rf7][%cal Gd1d7,Gf1f7] A
remarkable queen sacrifice leading to a nice game conclusion.} dxe5 31. Rxd7
Rf8 (31... Bxd7 {loses in view of} 32. Rxf7+ Kh8 33. Bf6+) 32. Rfxf7+ Rxf7 33.
Rxf7+ Kg8 34. Rg7+ Kh8 35. Nd5 $1 {[%csl Gg7,Rh8][%cal Gg5f6] The most
convincing way to conclude the game.} Qd6 36. Nf6 {, and Black resigned in
view of inevitable mate.} 1-0

[Event "USA-ch"]
[Site "Seattle"]
[Date "2003.01.11"]
[Round "3"]
[White "Sarkar, Justin"]
[Black "Shahade, Gregory P"]
[Result "1-0"]
[WhiteElo "2367"]
[BlackElo "2452"]
[Annotator "Atlas,V"]
[PlyCount "73"]
[EventDate "2003.01.09"]
[EventType "swiss"]
[EventRounds "9"]
[EventCountry "USA"]
[SourceTitle "CBM 093"]
[Source "ChessBase"]
[SourceDate "2003.04.01"]
[SourceVersion "1"]
[SourceVersionDate "2003.04.01"]
[SourceQuality "1"]

1. d4 Nf6 2. c4 e6 3. Nc3 Bb4 4. Qc2 O-O 5. e4 d5 6. e5 Ne4 7. a3 Bxc3+ 8. bxc3
c5 9. Bb2 cxd4 10. cxd4 Qa5+ 11. Ke2 f6 12. f3 Ng5 13. h4 Nf7 14. exf6 gxf6 15.
Kf2 Bd7 16. Bd3 f5 17. cxd5 Qxd5 18. Ne2 Nc6 19. Rh3 Rfc8 20. Qd2 Qd6 21. a4
Nb4 22. Rg3+ Kh8 23. d5+ e5 24. f4 $1 {[%csl Re5,Rh8][%cal Gb2h8,Gf4e5]
Opening the main diagonal and adding needed momentum to the attack on the
black king.} Qb6+ 25. Kf1 Nxd5 26. fxe5 Be6 27. a5 Qb4 28. Qxb4 Nxb4 {[%tqu
"En","How can White use the superior activity of his pieces?","Exploit a shaky
position of the black king.","Sacrifice your light-squared bishop!","d3f5",
"This move yields White a decisive advantage.",4]} 29. Bxf5 $1 {[%csl Re6,Rh8]
[%cal Ge5e6,Gb2h8] After this strike Black is defenseless.} Rf8 ({The bishop
is invulnerable:} 29... Bxf5 30. e6+ {, with mate in two.}) 30. Bxe6 Nd8+ 31.
Bf5 $1 Rxf5+ 32. Kg1 Ne6 33. Nd4 Nxd4 34. Bxd4 Rd8 35. Bc3 Nd5 36. Rd1 Rff8 37.
Bb2 ({And Black resigned in view of huge material losses:} 37. Bb2 h5 (37...
Nc3 38. Rxd8 Ne2+ 39. Kh2 Rxd8 40. e6+ Nd4 41. e7 $18) 38. e6+ Kh7 39. Rg7+ Kh6
40. Rd7 {, winning}) 1-0

[Event "Madrid"]
[Site "Madrid"]
[Date "1996.05.11"]
[Round "4"]
[White "Azmaiparashvili, Zurab"]
[Black "Adams, Michael"]
[Result "1/2-1/2"]
[WhiteElo "2660"]
[BlackElo "2660"]
[Annotator "Azmaiparashvili"]
[PlyCount "92"]
[EventDate "1996.05.08"]
[EventType "tourn"]
[EventRounds "9"]
[EventCountry "ESP"]
[EventCategory "17"]
[SourceTitle "CBM 053"]
[Source "ChessBase"]
[SourceDate "1996.08.01"]
[SourceVersion "1"]
[SourceVersionDate "1996.08.01"]
[SourceQuality "1"]

1. d4 Nf6 2. c4 e6 3. Nc3 Bb4 4. Qc2 O-O 5. a3 Bxc3+ 6. Qxc3 Ne4 7. Qc2 f5 8.
e3 (8. Nh3 $140 $5 {f3}) 8... b6 9. Ne2 Bb7 10. f3 Nf6 (10... Qh4+ 11. g3 Qe7 (
11... Qh5 12. Bg2 Ng5 13. Nf4 Nxf3+ 14. Kf2 Qg4 15. h3) 12. Bg2 Nf6 $14) 11.
Nc3 c5 12. d5 $5 (12. b4) 12... Kh8 $1 13. e4 $1 (13. dxe6 dxe6 14. Be2 $10)
13... fxe4 14. Bg5 $5 (14. fxe4 $142 $1 Ng4 15. Be2 Rf2 (15... Nf2 16. Rf1 Qh4
17. g3 Qxh2 18. Bf4 Nh3 19. O-O-O) (15... Qh4+ 16. g3 Qh3 17. Bxg4 Qxg4 18. Bf4
) 16. Qd3 Rxg2 17. Qh3) 14... exd5 15. cxd5 exf3 16. O-O-O d6 $8 (16... fxg2
17. Bxg2 d6 18. Ne4 Nbd7 19. Nxd6) 17. gxf3 (17. Ne4 $5 Nbd7 18. Nxd6 Qc7 19.
Nxb7 $16) 17... Nbd7 18. f4 a6 19. Bh3 b5 20. Be6 b4 21. Ne4 bxa3 22. bxa3 (22.
Nxd6 $5 axb2+ (22... Qa5 23. Nxb7 a2 24. Nxa5 a1=Q+ 25. Qb1 Qxa5) 23. Qxb2 Rb8
24. Nxb7 Qc7 25. d6 Qxb7 26. Qxb7 Rxb7 $44) 22... Qc7 23. Rhe1 Rae8 $1 24. f5
Ba8 $2 (24... Rb8 $140 $13 {Bc8}) 25. Qc3 c4 26. Nxf6 Nxf6 27. Bxf6 Rxf6 28.
Re4 Qe7 29. Rg1 $1 Qf8 30. Rxc4 Bb7 31. Rg3 $140 $1 {Kb2,a4,Ka3} h6 32. Kb2 Re7
33. a4 Rxf5 $5 34. Bxf5 Qxf5 35. Rc7 $1 Rxc7 36. Qxc7 Qf6+ 37. Qc3 Qf7 38. Qf3
Qe7 39. Ka3 $1 a5 40. Qf5 $2 (40. Qc3 $1 Bxd5 41. Qxa5 $18) 40... Qc7 $1 41.
Kb2 Qb6+ 42. Kc2 Qc5+ 43. Kb1 (43. Rc3 Qd4 44. Qf8+ Kh7 45. Qxd6 Bxd5) 43...
Qb4+ 44. Kc1 Qc4+ 45. Kb1 (45. Qc2 Qf1+ 46. Kb2 Bxd5 47. Qc3 Qf2+ 48. Kc1 Qf1+)
45... Qb4+ 46. Kc1 Qc4+ 1/2-1/2

[Event "Bad Endbach"]
[Site "Bad Endbach"]
[Date "1995.??.??"]
[Round "?"]
[White "Chabanon, Jean Luc"]
[Black "Levin, Felix"]
[Result "1-0"]
[WhiteElo "2445"]
[BlackElo "2490"]
[Annotator "Baburin,A"]
[PlyCount "97"]
[EventDate "1995.04.??"]
[EventType "tourn"]
[EventRounds "11"]
[EventCountry "GER"]
[EventCategory "11"]
[SourceTitle "CBM 047"]
[Source "ChessBase"]
[SourceDate "1995.08.01"]
[SourceVersion "1"]
[SourceVersionDate "1995.08.01"]
[SourceQuality "1"]

1. c4 e6 2. d4 Nf6 3. Nc3 Bb4 4. Qc2 O-O 5. a3 Bxc3+ 6. Qxc3 b6 7. Bg5 Bb7 8.
e3 h6 9. Bh4 d6 10. f3 Nbd7 11. Bd3 c5 12. Ne2 Rc8 13. O-O {Usually White
plays here either 13.Qd2 or 13.Qb3.} d5 (13... cxd4 $5) 14. cxd5 Nxd5 15. Qe1
$1 Qe8 16. Qd2 Ne7 17. Rad1 cxd4 18. Nxd4 a6 19. Bg3 Qd8 20. Bb1 Nf6 21. e4 Nh5
22. Bh4 Qe8 23. Qb4 Ng6 24. Bf2 {This is a very difficult position for Black:
his Knights on the K-side have nothing to do, the Bishop is inactive (it just
looks at the e4-pawn!) and the pawns on the Q-side are vulnerable. The game
proved this assessment.} b5 25. Nb3 $1 Rc4 26. Qd6 Rc6 27. Qd2 Qb8 28. Na5 Rcc8
29. Qd6 Qa8 30. Qb6 Bc6 31. b3 Nf6 32. Rd6 Nd7 33. Qa7 Nde5 34. Qxa8 Bxa8 35.
Rxa6 $18 Rfd8 36. Be3 Nh4 37. Kf2 Nd3+ 38. Kg3 g5 39. Rd1 Nb2 40. Rxd8+ Rxd8
41. f4 f6 42. fxg5 fxg5 43. Bb6 Rd1 44. Rxa8+ Kf7 45. Nc6 Rxb1 46. Ne5+ Kg7 47.
Ra7+ Kg8 48. Kg4 Re1 49. Kh5 1-0